七大商社 - Statistics

General Stats
  • This quiz has been taken 34 times
  • The average score is 5 of 7
Answer Stats
会社名 % Correct
三菱商事 環境インフラやエネルギー事業に強みを持つ。
97%
伊藤忠商事 非資源戦略を重視し、安定した収益性を誇る。
87%
住友商事 幅広い分野での事業展開を行う。
77%
丸紅 多様な商品を扱い、国際的なビジネスを展開。
73%
三井物産 金属資源や機械インフラ、生活産業分野に注力。
67%
豊田通商 自動車関連のビジネスに強みを持つ。
50%
双日 幅広い商材を扱い、国際的な取引を行う。
43%
No matching quizzes found
Score Distribution
Percent of People with Each Score
Percentile by Number Answered
Your Score History
You have not taken this quiz